000 00673nam a2200265Ia 4500
008 181129s9999 xx 000 0 und d
020 _a0439441528
050 _bB471 2002
100 _aBennett, Elizabeth
245 4 _aThe biggest snowman ever! /
245 0 _cby Elizabeth Bennett ; illustrated by Thomas Payne.
260 _aNew York, NY :
260 _bScholastic,
260 _c2002
300 _aunpaged :
300 _bcolor illustrations ;
300 _c22cm.
440 _aHello reader! Level 1.
500 _a220L
650 _aSnowmen.
650 _aStories in rhyme.
700 _aPayne, Thomas.
700 _aSeries.
700 _aTitle.
999 _c359873
_d359873